Bryophyta (Record no. 120497)

MARC details
000 -LEADER
fixed length control field 00516nam a2200205Ia 4500
008 - FIXED-LENGTH DATA ELEMENTS--GENERAL INFORMATION
fixed length control field 191130s2010##################000#0#eng##
020 ## - INTERNATIONAL STANDARD BOOK NUMBER
ISBN 9788180301483
082 ## - DEWEY DECIMAL CLASSIFICATION NUMBER
Classification number 588 SIN
100 ## - MAIN ENTRY--AUTHOR NAME
Personal name Singh, S. K
245 ## - TITLE STATEMENT
Title Bryophyta
Statement of responsibility, etc S. K. Singh
250 ## - EDITION STATEMENT
Edition statement 1st ed
260 ## - PUBLICATION, DISTRIBUTION, ETC. (IMPRINT)
Place of publication New Delhi
Name of publisher Campus Books
Year of publication 2010
300 ## - PHYSICAL DESCRIPTION
Number of Pages 271 p. : ill.
500 ## - GENERAL NOTE
General note Includes index
650 ## - SUBJECT ADDED ENTRY--TOPICAL TERM
Topical Term Bryophyta
991 ## -
-- 215742
Holdings
Withdrawn status Lost status Damaged status Not for loan Home library Current library Shelving location Date acquired Full call number Accession Number Price effective from Koha item type
        Anna Centenary Library Anna Centenary Library 5TH FLOOR, B WING 12.10.2020 588 SIN 369293 12.10.2020 English Books
        Anna Centenary Library Anna Centenary Library 5TH FLOOR, B WING 12.10.2020 588 SIN 369439 12.10.2020 English Books

Find us on the map